000 00798nam a2200193 i 4500
001 109147
003 ES-MaACL
005 20230906184802.0
007 t|
008 061121s1908 sp |||| | spa d
100 1 _aOliver y Román, Bienvenido.
_986852
245 1 0 _aNota sobre los pliegos de condiciones para la recepción de creosotas /
_cBienvenido Oliver y Román.
260 _aMadrid :
_b[s.n.],
_c1908 (
_fImp. J. Lacoste)
300 _a19 p. ;
_c23 cm.
594 _aPrecede al tít.: Escuela Especial de Ingenieros de Caminos, Canales y Puertos. Laboratorio Central para Ensayo de Materiales de Construcción.
650 4 _aMadera-
_xConservación.
_9167256
710 2 _aEscuela Especial de Ingenieros de Caminos, Canales y Puertos (Madrid)
_9170634
852 _aES-MaACL
_jT-1163-F-3
999 _c109147
_d109147